[Event "Challenge"]
[Site "http://www.queenalice.com/game.php?id=376071"]
[Date "2008.3.24"]
[Round "-"]
[White "Philvd"]
[Black "Dande"]
[Result "0-1"]
[WhiteElo "1559"]
[BlackElo "1500"]

1. d4 d5 2. Nc3 Nf6 3. e3 e6 4. Bd2 Bb4 5. Bb5+ Bd7 6. Nge2 c6 7. a3 Ba5 8. Bd3
O-O 9. e4 dxe4 10. Nxe4 Nxe4 11. Bxe4 Bc7 0-1

[Event "Challenge"]
[Site "http://www.queenalice.com/game.php?id=521735"]
[Date "2009.1.13"]
[Round "-"]
[White "Josecarlos"]
[Black "Dande"]
[Result "0-1"]
[WhiteElo "1957"]
[BlackElo "1730"]

1. d4 d5 2. c4 e6 3. e3 Bb4+ 4. Nd2 Nf6 5. Nf3 O-O 6. Bd3 b6 7. a3 Be7 8. e4 Bb7
9. e5 Ne4 10. O-O c5 11. Qc2 f5 12. h3 Nd7 13. b4 cxd4 14. Nxd4 Nxd2 15. Bxd2
Kf7 16. f4 Rc8 17. Nxe6 Kxe6 18. cxd5+ Bxd5 19. Qd1 Kf7 20. Bxf5 Kg8 21. Qg4 Bc6
22. Bc3 Kh8 23. e6 Nf6 24. Qg3 Qd5 25. Bxf6 Bxf6 26. e7 Bxe7 27. Bxc8 Rxc8 28.
Rae1 Bh4 29. Qg4 Rf8 30. Re7 Bxe7 0-1

[Event "Challenge"]
[Site "http://www.queenalice.com/game.php?id=521736"]
[Date "2009.1.13"]
[Round "-"]
[White "Dande"]
[Black "Josecarlos"]
[Result "1-0"]
[WhiteElo "1939"]
[BlackElo "1957"]

1. e4 e5 2. Nf3 Nf6 3. Nc3 Bb4 4. d3 Bxc3+ 5. bxc3 d6 6. Be2 h6 7. h3 Nc6 8. Nd2
d5 9. Bf3 d4 10. Bb2 Be6 11. O-O Qd7 12. Nb3 b6 13. cxd4 Bxb3 14. axb3 Nxd4 15.
Re1 h5 16. c3 Ne6 17. d4 exd4 18. e5 Nd5 19. cxd4 O-O-O 20. Rxa7 Qc6 21. Qc1
Qxc1 22. Rxc1 Rh6 23. g4 Nef4 24. Kh2 g6 25. g5 Rh7 26. Bc3 c6 27. Bd2 Rd7 28.
Rxc6+ Kd8 29. Rxd7+ Kxd7 30. Rd6+ Ke7 31. Bxd5 Nxd5 32. Rxd5 Rh8 33. Bb4+ Ke6
34. Rd6+ Kf5 35. Rxb6 Kxg5 36. Rf6 1-0

[Event "Let's Play Chess!"]
[Site "http://www.queenalice.com/game.php?id=533883"]
[Date "2009.2.2"]
[Round "-"]
[White "Dande"]
[Black "Kingfish"]
[Result "1/2-1/2"]
[WhiteElo "2043"]
[BlackElo "1969"]

1. e4 c5 2. Nf3 Nc6 3. d4 cxd4 4. Nxd4 Qc7 5. Bb5 e6 6. O-O e5 7. Nxc6 dxc6 8.
Bd3 Nf6 9. Nc3 Bg4 10. f3 Qb6+ 11. Kh1 Be6 12. b3 Bb4 13. Bb2 Rd8 14. Qe2 Nh5
15. Na4 Qc7 16. a3 Be7 17. Qe3 b5 18. Nc3 O-O 19. b4 h6 1/2-1/2

[Event "AUTO-MASTER-729"]
[Site "http://www.queenalice.com/game.php?id=534083"]
[Date "2009.2.3"]
[Round "1"]
[White "Arthur0007"]
[Black "Dande"]
[Result "1-0"]
[WhiteElo "1950"]
[BlackElo "2028"]

1. e4 e5 2. Nf3 Nc6 3. Bb5 a6 4. Ba4 b5 5. Bb3 Nf6 6. d3 Be7 7. O-O Na5 8. Nxe5
Nxb3 9. cxb3 Bb7 10. b4 d6 11. Nf3 O-O 12. a3 Rc8 13. Nc3 h6 14. Be3 Nd7 15. h3
Ne5 16. Nxe5 dxe5 17. Qe2 c5 18. bxc5 Bxc5 19. Bxc5 Rxc5 20. Qe3 Rc7 21. Rac1
Ba8 22. Ne2 Rc6 23. Rxc6 Bxc6 24. Rc1 Ba8 25. Rc3 f5 26. f3 f4 27. Qc5 Re8 28.
Qc7 Qh4 29. Qd7 Qh5 30. Rc8 Rf8 31. Rxa8 Qh4 32. Qe6+ 1-0

[Event "AUTO-MASTER-729"]
[Site "http://www.queenalice.com/game.php?id=534084"]
[Date "2009.2.3"]
[Round "1"]
[White "Dande"]
[Black "Arthur0007"]
[Result "0-1"]
[WhiteElo "1949"]
[BlackElo "1969"]

1. e4 e5 2. Nf3 Nc6 3. Bc4 Bc5 4. c3 Nf6 5. d3 d6 6. Nbd2 a6 7. b4 Ba7 8. Nf1 h6
9. Ng3 Ne7 10. h3 b5 11. Bb3 Bb7 12. Bb2 Nh7 13. O-O Ng5 14. Nxg5 hxg5 15. Qf3
f6 16. Nf5 Nxf5 17. Qxf5 Qe7 18. Qg6+ Kf8 19. Rae1 Bc8 20. Bd5 Rb8 21. Bc1 Rh6
22. Qf7+ Qxf7 23. Bxf7 Kxf7 24. Kh2 Be6 25. a3 Rbh8 26. Be3 Bxe3 27. Rxe3 g4 28.
Rh1 gxh3 29. gxh3 Rxh3+ 30. Rxh3 Rxh3+ 31. Kg2 Rxd3 32. Rc1 Rd2 0-1

[Event "AUTO-MASTER-729"]
[Site "http://www.queenalice.com/game.php?id=534101"]
[Date "2009.2.3"]
[Round "1"]
[White "Dande"]
[Black "jmgk"]
[Result "0-1"]
[WhiteElo "1795"]
[BlackElo "1926"]

1. e4 c5 2. Nf3 e6 3. c3 d5 4. e5 d4 5. cxd4 cxd4 6. Bb5+ Bd7 7. Nxd4 Bc5 8.
Bxd7+ Nxd7 9. Nf3 f6 10. d4 Bb6 11. Bf4 Nh6 12. O-O O-O 13. Bxh6 gxh6 14. exf6
Rxf6 15. Nc3 Nf8 16. Ne4 Rf4 17. Ng3 Bxd4 18. Rb1 Bb6 19. Nh5 Qxd1 20. Rbxd1 Rc4
21. Ne5 Rc7 22. Rfe1 Rc2 23. Nf6+ Kg7 24. Nfg4 Rxb2 25. Nc4 Rxa2 26. Nxb6 axb6
27. Rc1 Rd8 28. Rc7+ Rd7 29. Rxd7+ Nxd7 30. h4 Nc5 31. h5 Ra4 32. Ne5 Kf6 33.
Nf3 b5 34. Re5 b6 35. Kh2 b4 36. g4 b3 37. g5+ hxg5 38. Rxg5 b2 39. Rg1 Ra1 40.
Nd2 Rxg1 41. Kxg1 Nb3 42. Nb1 Ke5 43. Kf1 Ke4 44. Ke1 Kd3 45. Kd1 b5 46. f4 h6
47. Na3 b4 48. Nb1 Nd4 0-1

[Event "AUTO-MASTER-729"]
[Site "http://www.queenalice.com/game.php?id=534102"]
[Date "2009.2.3"]
[Round "1"]
[White "jmgk"]
[Black "Dande"]
[Result "1-0"]
[WhiteElo "1948"]
[BlackElo "1813"]

1. d4 d5 2. Nf3 e6 3. g3 Nf6 4. Bg2 Be7 5. O-O O-O 6. c4 c6 7. Qc2 Na6 8. a3 Nc7
9. Bf4 Re8 10. Nbd2 Nh5 11. Ng5 Bxg5 12. Bxg5 Qxg5 13. Nf3 Qe7 14. h4 Nf6 15.
cxd5 cxd5 16. Rac1 Nb5 17. Qd2 Ne4 18. Qd3 Nbd6 19. Ng5 Nxg5 20. hxg5 Qxg5 21.
Rc7 Re7 22. Rxe7 Qxe7 23. Rc1 Nc4 24. Rc2 b6 25. e4 Bb7 26. Qd1 b5 27. Bf1 Rc8
28. e5 f6 29. Qc1 fxe5 30. dxe5 Qf7 31. b3 Qf3 32. Rc3 Qe4 33. Bg2 Qxe5 34. bxc4
bxc4 35. Re3 Qg5 36. Qe1 d4 37. Bxb7 dxe3 38. Bxc8 Qe5 39. fxe3 Kf7 40. Ba6 Qc5
41. Qc3 Qd6 42. Bxc4 Qxg3+ 43. Kf1 Qf3+ 44. Ke1 Qg3+ 45. Kd2 Qh2+ 46. Kd3 Qd6+
47. Kc2 Qh2+ 48. Kb3 Qb8+ 49. Ka4 h5 50. Qd4 Qc8 51. Qxa7+ Kf6 52. Qd4+ Kf7 53.
Qf4+ Ke7 54. Qg5+ Kd6 55. Qg3+ e5 56. Qg6+ Kc5 57. Qc2 Qa8+ 58. Kb3 Qb8+ 59. Ka2
Qd6 60. Be2+ Kb6 61. Qb3+ Kc7 62. Bxh5 Qd2+ 63. Kb1 Qe1+ 64. Bd1 g5 65. Qc2+ Kd6
66. Qd3+ Kc5 67. Kc1 g4 68. Qc2+ Kd6 69. Qg6+ Kc5 70. Qc2+ Kb5 71. Qe2+ Qxe2 72.
Bxe2+ Ka4 73. Bxg4 Kxa3 74. Kd2 Kb4 75. Kd3 Kc5 76. Ke4 Kd6 77. Kf5 1-0

[Event "AUTO-MASTER-729"]
[Site "http://www.queenalice.com/game.php?id=534103"]
[Date "2009.2.3"]
[Round "1"]
[White "Dande"]
[Black "Vonkinho"]
[Result "0-1"]
[WhiteElo "1894"]
[BlackElo "2150"]

1. e4 e5 2. Nf3 Nf6 3. Nc3 Nc6 4. Bb5 Bb4 5. d3 d6 6. Bd2 O-O 7. Bxc6 bxc6 8.
O-O a5 9. a3 Bc5 10. Re1 Bg4 11. Be3 Bb6 12. Na4 d5 13. h3 Bxf3 14. Qxf3 h6 15.
Nc5 d4 16. Bxh6 Bxc5 17. Bxg7 Kxg7 18. Qg3+ Kh8 19. Qh4+ Nh7 20. Qh5 Qf6 21. Rf1
Rg8 22. Rab1 Rg5 23. Qh4 Rxg2+ 0-1

[Event "AUTO-MASTER-729"]
[Site "http://www.queenalice.com/game.php?id=534104"]
[Date "2009.2.3"]
[Round "1"]
[White "Vonkinho"]
[Black "Dande"]
[Result "1-0"]
[WhiteElo "2160"]
[BlackElo "1826"]

1. f4 d5 2. Nf3 Nf6 3. e3 e6 4. Be2 Be7 5. O-O O-O 6. b3 c5 7. Bb2 Nc6 8. Qe1
Nh5 9. Ne5 Nxe5 10. fxe5 g6 11. Bxh5 gxh5 12. Qg3+ Kh8 13. Qh3 Rg8 14. Rxf7 Rg7
15. Qxh5 Qg8 16. Rxg7 Qxg7 17. Nc3 Bd7 18. Rf1 Rf8 19. Rxf8+ Qxf8 20. Ne2 Bb5
21. Nf4 Kg8 22. Qg4+ Kh8 23. Qxe6 Bg5 24. Qxd5 Bc6 25. Qc4 b6 26. Ne6 Qh6 27.
Nxg5 Qg7 28. Nf7+ Kg8 29. Nd8+ Kh8 30. Nxc6 h5 31. Qh4 Kg8 32. Qxh5 Kf8 33. e6
Qxb2 34. Qf7# 1-0

[Event "Challenge"]
[Site "http://www.queenalice.com/game.php?id=535828"]
[Date "2009.2.6"]
[Round "-"]
[White "bruno_borges"]
[Black "Dande"]
[Result "1-0"]
[WhiteElo "2021"]
[BlackElo "1876"]

1. e4 e6 2. d4 d5 3. Nd2 c6 4. Ngf3 Be7 5. exd5 cxd5 6. Bd3 Nf6 7. O-O O-O 8.
Re1 Re8 9. Nf1 Nc6 10. c3 a6 11. Ng3 Bd6 12. Bg5 Bxg3 13. hxg3 b5 14. Kh2 h6 15.
Bf4 Bb7 16. Rh1 Nh5 17. Be3 Na5 18. Kg1 Nf6 19. Ne5 Nc4 20. Bxc4 dxc4 21. g4 Qd5
22. f3 Nh7 23. Qc2 Nf8 24. g5 f6 25. gxf6 gxf6 26. Ng6 f5 27. Nxf8 Rxf8 28. Rxh6
Kg7 29. Rh4 Rh8 30. Qf2 Qd6 31. Bf4 Qe7 32. Be5+ Kf7 33. Bxh8 Rxh8 34. Rxh8 1-0

[Event "Challenge"]
[Site "http://www.queenalice.com/game.php?id=535829"]
[Date "2009.2.6"]
[Round "-"]
[White "Dande"]
[Black "bruno_borges"]
[Result "0-1"]
[WhiteElo "1848"]
[BlackElo "2031"]

1. e4 e5 2. Nf3 Nc6 3. Bc4 Bc5 4. c3 Nf6 5. d3 h6 6. Nbd2 d6 7. h3 Qe7 8. a4 a5
9. Nf1 Be6 10. Bb3 O-O 11. Be3 Bxe3 12. Nxe3 Nd7 13. O-O Nc5 14. Bxe6 Nxe6 15.
Nd5 Qd8 16. Qb3 b6 17. Ne1 Ne7 18. Ne3 Nf4 19. Qd1 f5 20. Qb3+ Kh8 21. Nf3 Nxd3
22. Nh4 Nc5 23. Qd1 Nxe4 24. Nexf5 Kh7 25. Qd3 d5 26. Rad1 Nxf5 27. Nxf5 Rxf5
28. Qxd5 Qxd5 29. Rxd5 Raf8 30. f3 Nd6 31. Kh2 e4 32. Rxf5 Rxf5 33. Kg3 exf3 34.
gxf3 Nc4 35. b4 axb4 36. cxb4 Nb2 37. Rc1 Rf4 38. Rxc7 Rxb4 39. Rc6 Nxa4 40. f4
Nc5 41. Kg4 Nd3 42. Kf3 Nxf4 43. Kg3 Nd5 44. h4 b5 45. Rd6 Rd4 46. h5 b4 47. Rg6
b3 48. Re6 b2 0-1

[Event "Challenge"]
[Site "http://www.queenalice.com/game.php?id=538895"]
[Date "2009.2.11"]
[Round "-"]
[White "Dande"]
[Black "marktwain"]
[Result "1-0"]
[WhiteElo "1775"]
[BlackElo "1943"]

1. d4 Nf6 2. c4 g6 3. Nc3 Bg7 4. e4 d6 5. Nf3 O-O 6. Be2 e5 7. d5 Nbd7 8. b4 c6
9. O-O a5 10. dxc6 bxc6 11. Qxd6 axb4 12. Qxb4 c5 13. Qb3 Rb8 14. Qc2 Re8 15.
Rd1 Qe7 16. Rb1 Nb6 17. Nd5 Qa7 18. Bg5 Qa4 19. Qxa4 Nxa4 20. Rxb8 Nxe4 21. Bd2
Nd6 22. Ba5 e4 23. Nd2 Be5 24. Rb3 h5 25. Bc3 Nxc3 26. Nxc3 Bd4 27. Nd5 f5 28.
Rb6 f4 29. Rxd6 Kg7 30. Nxf4 e3 31. Rxg6+ Kh7 32. fxe3 Bxe3+ 33. Kf1 Bxf4 34.
Bxh5 Re7 35. Nf3 Bd7 36. Ng5+ Kh8 37. a4 Bxa4 38. Rd8+ Be8 39. Rh6+ Kg7 40. Rh7+
Kf6 41. Rxe7 Kxe7 42. Rxe8+ 1-0

[Event "Challenge"]
[Site "http://www.queenalice.com/game.php?id=538896"]
[Date "2009.2.11"]
[Round "-"]
[White "marktwain"]
[Black "Dande"]
[Result "1-0"]
[WhiteElo "1888"]
[BlackElo "1820"]

1. e4 e6 2. d4 d5 3. Nc3 Bb4 4. e5 Ne7 5. a3 Bxc3+ 6. bxc3 O-O 7. Bd3 Bd7 8. Nh3
Nbc6 9. Bxh7+ Kxh7 10. Qh5+ Kg8 11. Ng5 Re8 12. Qh7+ Kf8 13. Qh8+ Ng8 14. Nh7+
Ke7 15. Bg5+ Nf6 16. Bxf6+ gxf6 17. Qxf6# 1-0

[Event "Let's Play Chess!"]
[Site "http://www.queenalice.com/game.php?id=538900"]
[Date "2009.2.11"]
[Round "-"]
[White "emiqui"]
[Black "Dande"]
[Result "0-1"]
[WhiteElo "1265"]
[BlackElo "1820"]

1. e4 e6 2. Be2 c6 3. Bf3 d5 4. exd5 cxd5 5. Qe2 Bc5 6. Nc3 Nf6 7. Qb5+ Nfd7 8.
Qe2 Nb6 9. d3 O-O 10. Nh3 e5 11. Qxe5 Re8 12. Qxe8+ Qxe8+ 13. Ne2 Bxh3 14. O-O
Be6 15. Bf4 N8d7 16. Rae1 Nf6 17. d4 Bf8 18. b3 Rd8 19. Bg5 Be7 20. c4 h6 21.
Bh4 dxc4 22. bxc4 Nxc4 23. Rd1 Bd5 24. Rd3 Bxf3 25. gxf3 Nh5 26. Bxe7 Qxe7 27.
d5 Qg5+ 28. Kh1 Rxd5 0-1

[Event "AUTO-ADV-1221"]
[Site "http://www.queenalice.com/game.php?id=540757"]
[Date "2009.2.15"]
[Round "1"]
[White "PedroNRF"]
[Black "Dande"]
[Result "1-0"]
[WhiteElo "1654"]
[BlackElo "1797"]

1. d4 d5 2. Bf4 e6 3. e3 Nf6 4. Qf3 Bb4+ 5. c3 Bd6 6. Bg5 Nbd7 7. Bb5 c6 8. Ba4
O-O 9. b4 b5 10. Bc2 h6 11. Bf4 1-0

[Event "AUTO-ADV-1221"]
[Site "http://www.queenalice.com/game.php?id=540758"]
[Date "2009.2.15"]
[Round "1"]
[White "Dande"]
[Black "PedroNRF"]
[Result "0-1"]
[WhiteElo "1765"]
[BlackElo "1676"]

1. e4 e5 2. Nf3 Qf6 3. Nc3 Bc5 4. Bc4 c6 5. O-O b5 6. Bb3 Bd4 7. d3 Bxc3 8. bxc3
a5 9. a4 Ba6 10. c4 b4 11. Be3 h6 0-1

[Event "AUTO-ADV-1221"]
[Site "http://www.queenalice.com/game.php?id=540773"]
[Date "2009.2.15"]
[Round "1"]
[White "Dande"]
[Black "jhitalo"]
[Result "1-0"]
[WhiteElo "1724"]
[BlackElo "1710"]

1. e4 e5 2. Nf3 Nf6 3. Nc3 Bd6 4. d4 exd4 5. Nxd4 Bb4 6. Bd3 d5 7. e5 Qe7 8. O-O
Qxe5 9. Re1 Ne4 10. Bd2 Qxd4 11. Nxe4 O-O 12. Bxb4 Qxb4 13. Nf6+ gxf6 14. Qh5 f5
15. Re3 Qxb2 16. Rh3 Qxa1+ 17. Bf1 Re8 18. Qxh7+ 1-0

[Event "AUTO-ADV-1221"]
[Site "http://www.queenalice.com/game.php?id=540774"]
[Date "2009.2.15"]
[Round "1"]
[White "jhitalo"]
[Black "Dande"]
[Result "0-1"]
[WhiteElo "1779"]
[BlackElo "1701"]

1. e4 e6 2. d4 d5 3. Nc3 c6 4. Bd2 dxe4 5. Nge2 Nf6 6. Bg5 Bb4 7. a3 Be7 8. Bxf6
Bxf6 9. Nxe4 O-O 10. Nxf6+ Qxf6 0-1

[Event "AUTO-ADV-1221"]
[Site "http://www.queenalice.com/game.php?id=540775"]
[Date "2009.2.15"]
[Round "1"]
[White "Dande"]
[Black "vortex"]
[Result "0-1"]
[WhiteElo "1718"]
[BlackElo "1782"]

1. e4 e5 2. Nf3 d6 3. d4 Nd7 4. Bd3 Ngf6 5. O-O g6 6. Nc3 Bg7 7. Bg5 O-O 8. Be2
h6 9. Be3 b6 10. Re1 Bb7 11. Bd3 Re8 0-1

[Event "AUTO-ADV-1221"]
[Site "http://www.queenalice.com/game.php?id=540776"]
[Date "2009.2.15"]
[Round "1"]
[White "vortex"]
[Black "Dande"]
[Result "1-0"]
[WhiteElo "1767"]
[BlackElo "1738"]

1. e4 c6 2. d4 d5 3. f3 e6 4. Nc3 Bb4 5. Bd2 Ne7 6. Bd3 O-O 7. a3 Bxc3 8. Bxc3
Nd7 9. Nh3 b5 10. Bb4 a5 11. Bd2 1-0